1193 1730 1808 1326 1906 1134 1943 1636 1616 1715 1824 1686 1064 1407 1952 1510 1902 1550 1725 1615 1544 1246 1229 1176 1465 1457 1300 1966 1748 1719 1313 1844 1468 1924 1269 1823 1287 1300 1951 1363 1367 1703 1963 1032 1042 1410 1979 1570 1647 1639 1032 1730 1530 1838 1507 1895 1020 1541 1267 1693 1324 1665 1356 1750 1729 1920 1850 1082 1680 1859 1121 1060 1352 1124 1174 1930 1920 1802 1829 1279 1940 1320 1849 1167 1323 1715 1781 1586 1376 1753 1527 1049 1276 1723 1402 1664 1201 1130 1387 BCNSPRNW ULIB Ver.6.0+V

เปลี่ยนเป็นภาษาไทย

Change to English
 แสดงรายละเอียดบรรณานุกรม
  กลับหน้าหลัก

Brief Record : Get Marc (ISO 2709) : E-mail record : QR code < ปิดหน้าต่าง
LEADER : 00000nam 2200000uu 4500
001    13399113560
003     ULIB
008    111128s2552||||th 000 0 tha d
020    ^a9789746906784
090    ^aนว.^bF111ศ 2552
100 0  ^aDays At segul High
245 00 ^aศึกรักหนุ่มฮอตพิชิตใจยัยโก๊ะ/^cDays At segul High
250    ^aพิมพ์ครั้งที่ 1
260    ^aกรุงเทพฯ :^bดอกหญ้า 2000,^c2552
300    ^a288 หน้า
710 1  ^aดอกหญ้า 2000
945    ^p185^l0^i15830
995    ^aกัณชพร
999    ^aใช้งานได้ทุกระบบ
รายการนี้ยังไม่มีแท็ก
คุณยังไม่ได้ล็อกอิน คุณสามารถมีกิจกรรมร่วมกับเว็บไซต์ได้ แต่ต้องล็อกอินก่อน ::
  ล็อกอิน

รายการสื่อสารสนเทศ

ลำดับที่ ประเภท เลขเรียก/บาร์โค้ด สถานที่ สถานะ
1. วิทยาศาสตร์การแพทย์ และสุขภาพ
วิทยาศาสตร์การแพทย์ และสุขภาพ
นว. F111ศ 2552  
  Barcode: 15830
ห้องสมุดวิทยาเขตสวรรค์ประชารักษ์
►นวนิยาย
บนชั้น
  ขอยืม

BibComment


ยังไม่เคยถูกคอมเมนท์

คอมเมนท์ทรัพยากรรายการนี้
  คอมเมนท์: ศึกรักหนุ่มฮอตพิ..


 Copyright 2026. Bcnsprnw @Library